Music Quiz

Random Music or Bands Quiz

Can you name the founding year of these well-known bands? Quiz Stats

Quiz not verified by Sporcle

Challenge
Share
Tweet
Embed
Score 0/10 Timer 03:00
0 Plays Today
Band Year Formed % Correct
Spice Girls1994
100%
Foo Fighters1994
100%
The Beatles1960
95.2%
Coldplay1996
95.2%
Radiohead (for Henry)1985
95.2%
Queen1971
92.9%
Oasis1991
92.9%
Nirvana1987
92.9%
ABBA1962
90.5%
Take That1990
90.5%

You're not logged in!

Compare scores with friends on all Sporcle quizzes.
Sign Up with Email
OR
Log In

You Might Also Like...

Show Comments

Extras

Top Quizzes Today


Score Distribution

Your Account Isn't Verified!

In order to create a playlist on Sporcle, you need to verify the email address you used during registration. Go to your Sporcle Settings to finish the process.